Hekimler için deri ve zuhrevi hastalıklar ek kitabı / (Record no. 200128910)
[ view plain ]
| 000 -LEADER | |
|---|---|
| fixed length control field | 00788 a2200277 4500 |
| 001 - CONTROL NUMBER | |
| control field | 200128910 |
| 003 - CONTROL NUMBER IDENTIFIER | |
| control field | TR-AnTOB |
| 005 - DATE AND TIME OF LATEST TRANSACTION | |
| control field | 20250801143904.0 |
| 008 - FIXED-LENGTH DATA ELEMENTS--GENERAL INFORMATION | |
| fixed length control field | 161114s2000 tu 001 0 |
| 040 ## - CATALOGING SOURCE | |
| Original cataloging agency | TR-AnTOB |
| Transcribing agency | TR-AnTOB |
| 041 ## - LANGUAGE CODE | |
| Language code of text/sound track or separate title | Türkçe |
| 060 #1 - NATIONAL LIBRARY OF MEDICINE CALL NUMBER | |
| Classification number | WR 39 |
| Item number | S29 2000 |
| 096 ## - LOCALLY ASSIGNED NLM-TYPE CALL NUMBER (OCLC) | |
| Classification number | WR39 S29 2000 |
| 100 1# - MAIN ENTRY--PERSONAL NAME | |
| Personal name | Saylan, Türkan, |
| Dates associated with a name | 1935-2010 |
| 9 (RLIN) | 84217 |
| 245 10 - TITLE STATEMENT | |
| Title | Hekimler için deri ve zuhrevi hastalıklar ek kitabı / |
| Statement of responsibility, etc. | Türkan Saylan. |
| 250 ## - EDITION STATEMENT | |
| Edition statement | 4. bs. |
| 264 #1 - PRODUCTION, PUBLICATION, DISTRIBUTION, MANUFACTURE, AND COPYRIGHT NOTICE | |
| Place of production, publication, distribution, manufacture | İstanbul: |
| Name of producer, publisher, distributor, manufacturer | Nobel, |
| Date of production, publication, distribution, manufacture, or copyright notice | 2000 |
| 300 ## - PHYSICAL DESCRIPTION | |
| Extent | 200 sayfa; |
| Other physical details | resim; |
| Dimensions | 20 cm. |
| 504 ## - BIBLIOGRAPHY, ETC. NOTE | |
| Bibliography, etc. note | |
| 650 #2 - SUBJECT ADDED ENTRY--TOPICAL TERM | |
| Topical term or geographic name entry element | Dermatology |
| 9 (RLIN) | 87763 |
| Topical term or geographic name entry element | Sexually Transmitted Diseases |
| 9 (RLIN) | 87764 |
| Topical term or geographic name entry element | Skin Diseases |
| 9 (RLIN) | 87762 |
| 655 #2 - INDEX TERM--GENRE/FORM | |
| Genre/form data or focus term | Handbook |
| 9 (RLIN) | 143284 |
| 942 ## - ADDED ENTRY ELEMENTS (KOHA) | |
| Koha item type | Book |
| Source of classification or shelving scheme | Library of Congress Classification |
| Withdrawn status | Lost status | Source of classification or shelving scheme | Not for loan | Collection code | Home library | Current library | Shelving location | Date acquired | Source of acquisition | Cost, normal purchase price | Serial Enumeration / chronology | Inventory number | Total Checkouts | Total Holds | Full call number | Barcode | Date last seen | Date last checked out | Copy number | Cost, replacement price | Koha item type |
|---|---|---|---|---|---|---|---|---|---|---|---|---|---|---|---|---|---|---|---|---|---|
| National Library of Medicine | Ödünç Verilemez-Kurumiçi kullanım / Not for loan-For inhouse use | Tıp Koleksiyonu | Tıp Fakültesi Medikal Kütüphane | TOBB ETÜ Memorial Afiliasyon Kütüphanesi | Tıp Koleksiyonu / Medical Collection | 27/03/2013 | Bağış / Donation | 0.00 | 1 | TIP | 1 | WR 39 S29 2000 | 0041500 | 17/01/2020 | 17/01/2020 | 1 | 0.01 | Book |
